El Farmacéutico: (Registro nro. 196106)
[ vista simple ]
| 000 -LEADER | |
|---|---|
| campo de control de longitud fija | 01573nas a2200445 i 4500 |
| 001 - NÚMERO DE CONTROL | |
| campo de control | 196106 |
| 003 - IDENTIFICADOR DE NÚMERO DE CONTROL | |
| campo de control | ES-MaACL |
| 005 - FECHA Y HORA DE LA ÚLTIMA TRANSACCIÓN | |
| campo de control | 20240826135234.0 |
| 006 - CÓDIGOS DE INFORMACIÓN DE LONGITUD FIJA--CARACTERÍSTICAS DEL MATERIAL ADICIONAL | |
| campo de control de longitud fija | m g d | |
| 007 - CAMPO FIJO DE DESCRIPCIÓN FÍSICA--INFORMACIÓN GENERAL | |
| campo de control de longitud fija | cr*||||||||||| |
| 008 - DATOS DE LONGITUD FIJA--INFORMACIÓN GENERAL | |
| campo de control de longitud fija | 240812c20109999sp sr p s 0 b0spa |
| 010 ## - NÚMERO DE CONTROL DE LA BIBLIOTECA DEL CONGRESO | |
| Número de control de LC | n |
| Número de control de NUCMC | 0 |
| 022 0# - NÚMERO INTERNACIONAL NORMALIZADO PARA PUBLICACIONES SERIADAS | |
| Número Internacional Normalizado para Publicaciones Seriadas | 2013-4487 |
| Fuente | _u |
| 035 ## - NÚMERO DE CONTROL DEL SISTEMA | |
| Número de control de sistema | (OCoLC)776714771 |
| 035 ## - NÚMERO DE CONTROL DEL SISTEMA | |
| Número de control de sistema | (SpMaBN)a5102658 |
| 035 ## - NÚMERO DE CONTROL DEL SISTEMA | |
| Número de control de sistema | 991031819169708606 |
| 040 ## - FUENTE DE CATALOGACIÓN | |
| Centro catalogador/agencia de origen | SpMaBN |
| Lengua de catalogación | spa |
| Centro/agencia transcriptor | SpMaBN |
| Normas de descripción | rdc |
| Centro/agencia modificador | ES-MaACL |
| 080 ## - NÚMERO DE LA CLASIFICACIÓN DECIMAL UNIVERSAL | |
| Número de la Clasificación Decimal Universal | 615 |
| 130 3# - ENTRADA PRINCIPAL--TÍTULO UNIFORME | |
| Título uniforme | El Farmacéutico (Barcelona. Internet) |
| 9 (RLIN) | 238276 |
| 210 0# - TÍTULO ABREVIADO | |
| Título abreviado | Farmacéutico |
| Información calificativa | Barc., Internet |
| 222 #3 - TÍTULO CLAVE | |
| Título clave | El Farmacéutico |
| Información calificativa | Barcelona. Internet |
| 245 13 - MENCIÓN DEL TÍTULO | |
| Título | El Farmacéutico: |
| Resto del título | profesión y cultura |
| 260 ## - PUBLICACIÓN, DISTRIBUCIÓN, ETC. | |
| Lugar de publicación, distribución, etc. | [Barcelona] : |
| Nombre del editor, distribuidor, etc. | Mayo, |
| Fecha de publicación, distribución, etc. | [2011]- |
| 310 ## - PERIODICIDAD ACTUAL | |
| Periodicidad actual | Quincenal |
| 336 ## - TIPO DE CONTENIDO | |
| Término de tipo de contenido | Texto (visual) |
| Fuente | rdacontent |
| 337 ## - TIPO DE MEDIO | |
| Nombre/término del tipo de medio | electrónico |
| Fuente | rdamedia |
| 338 ## - TIPO DE SOPORTE | |
| Fuente | rdacarrier |
| Nombre/término del tipo de soporte | volumen |
| 362 0# - FECHAS DE PUBLICACIÓN Y/O DESIGNACIÓN SECUENCIAL | |
| Fecha de publicación y/o designación secuencial | N. 445 (dic. 2010)- |
| 500 ## - NOTA GENERAL | |
| Nota general | Última consulta, 12 agosto 2024 |
| 530 ## - NOTA DISPONIBLE DE FORMULARIO FÍSICO ADICIONAL | |
| Nota de formato físico adicional disponible | También en edición impresa |
| 594 ## - Nota al título y mención de responsabilidad | |
| Nota al título y mención de responsabilidad | Título tomado de la página principal (consultada el 12 de agosto de 2024) |
| 650 #7 - PUNTO DE ACCESO ADICIONAL DE MATERIA--TÉRMINO DE MATERIA | |
| Término de materia o nombre geográfico como elemento de entrada | Farmacia |
| 9 (RLIN) | 136083 |
| 655 #0 - TERMINO DE INDIZACIÓN--GENERO/FORMA | |
| Datos o término principal de género/forma | Páginas Web |
| Fuente del término | tgfbne |
| 9 (RLIN) | 226719 |
| 655 #0 - TERMINO DE INDIZACIÓN--GENERO/FORMA | |
| Datos o término principal de género/forma | Revistas electrónicas |
| 9 (RLIN) | 226718 |
| 776 1# - ENTRADA DE FORMULARIO FÍSICO ADICIONAL | |
| Información de relación | Versión impresa |
| Título | El Farmacéutico (Barcelona) = |
| Número Internacional Normalizado para Publicaciones Seriadas | ISSN 0213-7283 |
| biblionumber | 196104 |
| Número de control del registro | 196104 |
| 856 40 - LOCALIZACIÓN Y ACCESO ELECTRÓNICOS | |
| Identificador Uniforme de Recursos | <a href="https://www.elfarmaceutico.es/revista-digital">https://www.elfarmaceutico.es/revista-digital</a> |
| Texto de enlace | Acceso electrónico |
| 942 ## - ELEMENTOS DE ENTRADA SECUNDARIOS (KOHA) | |
| Fuente del sistema de clasificación o colocación | Clasificación decimal universal |
| Suprimir en OPAC | No |
| Tipo de ítem Koha | Revista electrónica |
| 955 ## - CATALOGADOR - EDICIÓN | |
| Nombre de catalogador | Inmaculada Vicente García |
No hay ítems disponibles.
